Classement FIFA de 1-20 - Statistics

General Stats
  • This quiz has been taken 120 times
  • The average score is 18 of 20
Answer Stats
Classement Continent Pays Points % Correct
2 Amérique Argentine 1838.38
100%
3 L'Europe France 1823.39
100%
1 Amérique Brésil 1840.77
99%
10 L'Europe Espagne 1692.71
98%
11 Afrique Maroc 1672.35
98%
14 L'Europe Allemagne 1646.91
96%
5 L'Europe Angleterre 1774.19
96%
4 L'Europe Belgique 1781.30
95%
9 L'Europe Portugal 1702.54
95%
8 L'Europe Italie 1723.56
94%
15 Amérique Mexique 1635.78
91%
20 Asie Japon 1593.08
90%
6 L'Europe Pays-Bas 1740.92
90%
16 Amérique Uruguay 1627.45
88%
19 Afrique Sénegal 1603.98
87%
7 L'Europe Croatie 1727.62
83%
17 Amérique Colombie 1612.78
83%
12 L'Europe Suisse 1655.02
82%
18 L'Europe Danemark 1608.11
63%
13 Amérique USA 1652.74
62%
No matching quizzes found
Score Distribution
Percent of People with Each Score
Percentile by Number Answered
Your Score History
You have not taken this quiz